000 00597nam a22002537a 4500
003 UA-OsUOA
001 21777
007 ta
008 20031213b un ||||| |||| 00| 0 ukr d
090 _a008(09)
_bБ90
942 _cBK
040 _aUA-OsUOA
_brus
_cUA-OsUOA
_dUA-OsUOA
245 _aЛики культуры
_bАльманах
_cРед. С.Я.Левит
300 _a527 с.
955 _a0
041 _arus
080 _a008(09)
020 _a5-7357-0020-0
260 _aМосква
_bЮрист
_c1995
246 3 1 _aТ.1
_n
044 _aRU
650 7 _2UDC
999 _c307984
_d307984